000 00812nam a2200253Ia 4500
003 OSt
005 20220923223836.0
006 a|||||r|||| 00| 0
007 ta
008 220922b |||||||| |||| 00| 0 hin d
024 _a222,138
037 _cTextual
040 _aARTS
_cARTS
_bhin
041 _2hin
_ahin
082 _aO152,3:g, P2
100 _aमधुरेश
245 0 _aहिन्दी उपन्यास
_b सार्थक की पहचान
246 _aHindī upanyāsa: sārthak kī pahachāna
260 _aदिल्ली
_b स्वराज प्रकाशन
_c2002
300 _a356 i`B
_ccm.
650 _aहिन्दी साहित्य
_9156264
942 _hO152,3:g, P2
_cTEXL
_2CC
999 _c367647
_d367647